| 000 | 00598nam a2200145 a 4500 | ||
|---|---|---|---|
| 001 | 000040873 | ||
| 005 | 20201002034436.0 | ||
| 008 | 130910s1998 pr 000 0 spa d | ||
| 040 |
_aDO-SdBNP _bspa _cBNPHU |
||
| 100 | 1 |
_aColón Peña, Eduardo. _967300 |
|
| 245 | 1 | 3 |
_aEl regreso y otros relatos / _cEduardo Colón Peña. |
| 260 |
_aPuerto Rico : _bCentro Gráfico Grafito, _c1998. |
||
| 300 |
_a110 p. ; _c21 cm. |
||
| 505 | 0 |
_tEl regreso -- _tLos árboles de las garzas -- _tLa revelación -- _tEl amuleto -- _tEl "don" de Francisco Segundo -- _tLa mujer del segundo piso -- _tCuando se pierden los sueños-- |
|
| 999 |
_c40363 _d40363 |
||